000 00388nam a2200169Ia 4500
003 OSt
005 20240321093715.0
008 170619s9999 xx 000 0 und d
020 _a9780070494626
040 _cIIMT ENGINEERING COLLEGE
100 _aShigley- J E
245 0 _aMechanical Engineering Design
260 _bTMH
260 _c1986
546 _aENGLISH
942 _2ddc
_c01
999 _c16719
_d16719